000 00457cam a2200169ua 4500
041 _aeng
_h
082 _a822
_bSYN/FO
100 _aSynge, J M .
245 _aFour plays and the aran islands /
_cJ M Synge.
_hTextual Documents
260 _aLondon :
_bOxford University Press ,
_c1962.
300 _a327 ; .
440 0 _aThe World`s Classics,
_v585
_x;
490 0 _aThe World`s Classics,
_v585
_x;
504 _a
942 _cBK
999 _c5848
_d5848